Регионална библиотека "Любен Каравелов" - Русе

Съчинения (Запис номер 188500)

MARC детайли
000 -Лидер
Контролно поле с фиксирана дължина 02052nam a2200373 c 4500
003 - Код на организацията, давaща контролен номер
Контролно поле BLK
005 - Дата и час на последна редакция
Контролно поле 20230406030256.0
008 - Елементи от данни с фиксирана дължина
fixed length control field 180411b bul|||||r ||||||| ||bul||
010 ## - Наследен системен номер
LC control number KNG00197518000
040 ## - Източник на каталожния запис
Идентификатор на билиотеката - собственик на записа BLK
041 ## - Код за език
Код за езика на текст/звукозапис или на отделно заглавие Български
Код за езика КДБФ Български
080 ## - УДК
Текстов определител УДК Българска литература
УДК код - определител по УДК 821.163.2
УДК определител (081.1)
УДК - код + определител 821.163.2(081.1)
080 ## - УДК
Текстов определител УДК Българска литература
УДК код - определител по УДК 821.163.2
УДК определител -94
УДК - код + определител 821.163.2-94
139 ## - Редно поле
Редна дума Христов, Кирил
Авторски знак Христов - Х 78
245 10 - Сведения за заглавието
Заглавие Съчинения
Подзаглавни данни В 5 т. За том: Откъси от дневник в 11 т.
Редно поле (дума) Кирил Христов; под ред. на Светла Русева Гюрова; с предг. от Кръстьо Тодоров Куюмджиев; подб. и ред. на том Светла Русева Гюрова; подб. и ред. на том Тихомир Тихов; * Кирил Христов Генчев.
Том Т. 5. Ч. 1
Заглавие на том Време и съвременници
257 ## - Страна на издаване
Страна на създаване/издаване България
260 ## - Област на издателските данни
Име на издателя, разпространителя и проч. Бълг. писател
Година на издаване 1966 -
Място на издаване, разпространение и проч. София
300 ## - Физическа характеристика
Размери/Мащаб 20 см
380 ## - Жанр
Жанр Худож. лит.
500 ## - Общи забележки
Забележка Пълното име на авт. е Кирил Христов Генчев.
653 ## - Ключова дума – ненормативна
Ключова дума дневници
700 1# - Други автори (авторска отговорност)
Лично име Гюрова, Светла Русева
Автороска отговорност (Описва отношението между автора и произведението) под ред. на
9 (RLIN) 364441
700 1# - Други автори (авторска отговорност)
Лично име Куюмджиев, Кръстьо Тодоров
9 (RLIN) 369420
700 1# - Други автори (авторска отговорност)
Лично име Гюрова, Светла Русева
Автороска отговорност (Описва отношението между автора и произведението) подб. и ред. на том
9 (RLIN) 364441
700 1# - Други автори (авторска отговорност)
Лично име Тихов, Тихомир
Автороска отговорност (Описва отношението между автора и произведението) подб. и ред. на том
9 (RLIN) 369383
700 1# - Други автори (авторска отговорност)
Лично име Генчев, Кирил Христов
Автороска отговорност (Описва отношението между автора и произведението) *
9 (RLIN) 384615
760 1# - Описание на основната серия
Редна дума на основното описание Христов, Кирил
Място на издаване, издател и година 1967
Страници - том 896 с., 3 л. : портр., 1 л. : факс.
Заглавие Т. 5. Ч. 1 Време и съвременници
852 ## - Местоположение
Форматна сигнатура Цб 39641
856 4# - Електронен адрес и достъп
Електронен формат pdf - файл
856 4# - Електронен адрес и достъп
Електронен формат pdf - файл
999 ## - СИСТЕМНИ КОНТРОЛНИ НОМЕРА
Koha biblionumber 188500
Koha biblioitemnumber 188500
942 ## - АРТИКУЛИ
Вид на библиотечния материал Книги
Скрит в OPAC Не
Периодичен библиозапис Да
944 ## - СЪЗДАВАНЕ И РЕДАКЦИЯ на ЗАПИСА
Създаване/Редакция Създаване
Дата на регистрацията/редакция 06.12.2016
Статус, дата на статуса ф /
Служител, извършил регистрацията/редакцията Правда_Бадева
944 ## - СЪЗДАВАНЕ И РЕДАКЦИЯ на ЗАПИСА
Създаване/Редакция Редакция
Дата на регистрацията/редакция 06.07.2017
Статус, дата на статуса ф /
Служител, извършил регистрацията/редакцията Людмила_Стоянова
999 ## - СИСТЕМНИ КОНТРОЛНИ НОМЕРА
Koha biblioitemnumber 188500
Наличности
Код за отписване Код за изгубен артикул Източник на класификационната схема Код за повреда Коз за рестрикции Код за отдаване Артикулен № Име на библиотеката - собственик Име на библиотеката, в която се намира в момента Статус (Текущо местоположение) Дата на вписване в системата Местоположение - отдел Цена в лева Инвентарен номер Систематично азбучна сигнатура Баркод Номер на екземпляра Цена в евро Служебна бележка Служебен тип на артикула
  Не е изгубен Universal Decimal Classification Не е повреден само за читалня ползва се в читалня 330871 Регионална библиотека "Любен Каравелов" Русе Регионална библиотека "Любен Каравелов" Русе Хранилище 1967-01-01 Хранилище 2.59 2641/68 Цб 39641 900000098564 1 1.32 Дост: Dp Вид: Д N: стар фонд Дата: 01.01.1967 Книги
Изтеглен Не е изгубен Universal Decimal Classification Не е повреден без рестрикции заемане за дома 330872 Регионална библиотека "Любен Каравелов" Русе Регионална библиотека "Любен Каравелов" Русе Заемна - подръчен фонд 1967-01-01 Заемна - подръчен фонд 2.59 1641/68 П 886.7(081)/Х 78 1641/68 2 1.32 Дост: Pk Вид: Ф N: стар фонд Дата: 01.01.1967 Дата инв: 09.02.2018 Бележки инв: П2018 Книги
Изтеглен Не е изгубен Universal Decimal Classification Не е повреден без рестрикции заемане за дома 330873 Регионална библиотека "Любен Каравелов" Русе Регионална библиотека "Любен Каравелов" Русе Заемна - подръчен фонд 1967-01-01 Заемна - подръчен фонд 2.59 1644/68 П 886.7(081)/Х 78 900000042460 3 1.32 Дост: Pk Вид: Ф N: стар фонд Дата: 01.01.1967 Дата инв: 16.02.2018 Бележки инв: П2018 Книги
Изтеглен Не е изгубен Universal Decimal Classification Не е повреден без рестрикции заемане за дома 330874 Регионална библиотека "Любен Каравелов" Русе Регионална библиотека "Любен Каравелов" Русе Заемна - подръчен фонд 2017-06-23 Заемна - подръчен фонд 18.00 120000812777 П 886.7(081)/Х 78 120000812777 4 9.20 Дост: DA Вид: А N: 26 Дата: 23.06.2017 Дата инв: 09.02.2018 Бележки инв: П2018 Книги
Vip Innovations Ltd, Rousse, Bulgaria 2025